[Event "Oslo Chess Festival 2017"]
[Site "Oslo"]
[Date "2017.10.04"]
[Round "5"]
[White "Vovk, Andriy"]
[Black "Li, Di"]
[Result "1-0"]
[WhiteElo "2622"]
[BlackElo "2459"]
[Annotator "TA"]
[PlyCount "99"]
[EventType "swiss"]
[EventCountry "NOR"]
[SourceTitle "playchess.com"]
[Source "ChessBase"]
[SourceQuality "1"]

{[%evp 29,99,4,10,11,10,0,0,0,11,0,3,33,179,154,162,150,163,157,264,274,316,306,320,316,283,295,483,471,472,471,471,445,600,567,631,307,638,362,637,630,617,622,604,258,2932,2580,2482,2511,12836,12836,12837,12838,12837,12838,12834,12834,12844,12845,29978,29978,29976,12841,29984,29985,29985,29986,29986,29987,29987,29981,29989,29990]} 1. e4 e5 2. Nf3 Nf6 3. Nxe5 d6 4. Nf3 Nxe4 5. d4 d5 6. Bd3 Be7 7. O-O O-O 8. c4 Nf6 9. h3 Nc6 10. Nc3 Nb4 11. Be2 dxc4 12. Bxc4 c6 13. a3 {C42: Petroff Defence: 3 Nxe5 and unusual White 3rd moves} (13. Re1 Nbd5 14. Bg5 Be6 15. Qb3 Qb6 16. Nxd5 cxd5 17. Qxb6 axb6 18. Bb3 Bb4 19. Bd2 Bd6 20. Ne5 Ne4 {½-½ (75) Salem,A (2625)-Igonin,T (2474) Tashkent 2016}) 13... Nbd5 14. Re1 Be6 15. Bd3 h6 {LiveBook: 6 Games} 16. Ne5 Re8 17. Na4 Qc7 18. b4 Rad8 19. Qf3 $146 ({Predecessor:} 19. Bb2 Nf4 20. Bf1 Bf8 {1-0 (31) Ragainis,G-Salmins,G ICCF corr 1986}) 19... Nb6 20. Nc5 Bd5 (20... Bc8 $14) 21. Qg3 {And now Bxh6 would win.} Nh5 22. Qg4 Nf6 {[#]} 23. Qf5 $1 {Black must now prevent Ng4.} Bxc5 (23... Qc8 $16 {was called for.}) 24. bxc5 $18 ({Weaker is} 24. dxc5 Nbd7 $16) 24... Nbd7 {[#]} 25. Bxh6 $1 {[%mdl 512]} gxh6 26. Nxd7 Qxd7 27. Qxf6 Rxe1+ $2 (27... Re6 {was necessary.} 28. Rxe6 fxe6) 28. Rxe1 Re8 29. Rxe8+ Qxe8 30. Qxh6 Qe1+ 31. Kh2 Qxf2 {[%csl Gd5][%cal Rf2g2]} 32. Bh7+ Kh8 {[%csl Gd5][%cal Rf2g2]} 33. Be4+ Kg8 34. Qh7+ Kf8 35. Qh8+ Ke7 {Threatens to win with ...Qf4+.} 36. Qe5+ (36. Bxd5 $142 cxd5 37. Qe5+ Kd7 38. Qxd5+ Kc7 39. Qe5+ Kc8 40. Qe8+ Kc7 41. Qe7+ Kc8 42. Qf8+ Kd7 43. Qd6+ Kc8 44. Qe5) 36... Kf8 $2 (36... Be6 37. Bf3 Kf8 38. Qh8+ Ke7) 37. Bxd5 cxd5 {[%mdl 4096] Endgame KQ-KQ} 38. Qb8+ Ke7 39. Qxb7+ Kf6 40. Qxd5 Qf4+ 41. Kg1 Qe3+ 42. Kf1 Kg6 43. Qd6+ f6 44. c6 {[%cal Bc5c6,Bc6c7][%mdl 32]} Qc1+ 45. Kf2 a5 46. c7 {White mates.} a4 47. Kg3 Qe3+ 48. Kh2 Qc1 49. d5 Kh5 50. Qg3 {Precision: White = 78%, Black = 33%.} 1-0

[Event "Oslo Chess Festival 2017"]
[Site "Oslo"]
[Date "2017.10.04"]
[Round "5"]
[White "Cornette, Matthieu"]
[Black "Xu, Yi"]
[Result "1-0"]
[WhiteElo "2602"]
[BlackElo "2439"]
[Annotator "TA"]
[PlyCount "97"]
[EventType "swiss"]
[EventCountry "NOR"]
[SourceTitle "playchess.com"]
[Source "ChessBase"]
[SourceQuality "1"]

{[%evp 20,97,5,-15,0,0,0,0,10,0,0,0,0,0,0,0,75,77,97,28,92,75,78,69,70,50,83,28,123,117,222,227,220,220,552,535,1060,1059,1032,1009,961,243,264,89,80,91,129,54,265,279,277,145,2091,350,358,356,354,354,342,342,341,331,363,381,363,370,455,455,442,433,414,379,455,455,29982,29983,29983,29983,29984,29986]} 1. d4 Nf6 2. Bf4 d5 3. e3 c5 4. Nf3 Nc6 5. Nbd2 e6 6. c3 cxd4 7. exd4 {D02: 1 d4 d5 2 Nf3 sidelines, including 2...Nf6 3 g3 and 2...Nf6 3 Bf4} Nh5 8. Be3 Bd6 9. Ne5 g6 10. g4 Ng7 11. h4 {LiveBook: 4 Games} Nxe5 (11... h5 {is interesting.} 12. Ndf3 hxg4 13. Nxg4 Nf5 14. Bg5 Be7) 12. dxe5 Bxe5 13. h5 $146 ({Predecessor:} 13. Nf3 Bf6 14. h5 O-O {½-½ (30) Kamsky,G (2659)-Nakamura,H (2793) Saint Louis 2017}) 13... O-O 14. f4 Bf6 15. hxg6 fxg6 16. Nf3 e5 17. Nxe5 Qe7 (17... Ne6 $11 18. Qd2 Bh4+ 19. Kd1 Bg3) 18. Qxd5+ $16 Be6 19. Qe4 (19. Qg2 $16) 19... Bh4+ (19... Rad8 $11 {keeps the balance.}) 20. Kd2 $1 {Strongly threatening Bc4.} Rad8+ 21. Kc2 Nf5 $1 {[%cal Rf5g3]} 22. Rh3 $1 (22. gxf5 $2 Bxf5 23. Bc4+ Kg7 $19) 22... b5 23. Bg2 ({White should try} 23. Bxb5 $16 {Threatens to win with Bc4.} Nd6 24. Qd3 Nxb5 25. Qxb5) 23... Nd6 (23... Bf6 $11) 24. Qb4 (24. Nxg6 Qe8 $15) 24... Bf6 (24... a5 $16 25. Qc5 (25. Qxa5 Nc4 $16) 25... Nc4 26. Nxc4 Bxc4) 25. Rah1 $1 $18 {Black must now prevent Nc6.} a5 26. Qc5 ({Not} 26. Qxa5 Bxe5 27. fxe5 (27. Rxh7 Bg7 $11) 27... Nc4 $11) 26... Bxa2 $2 (26... Nc4) 27. Rxh7 (27. Bd5+ Bxd5 28. Qxd5+ Nf7 $16) 27... Qe6 28. Qc7 {Rh8+! would kill now.} Nf7 29. Nxf7 $1 {[%cal Rf7h6]} ({Less strong is} 29. Kc1 b4 $16) 29... Rd7 30. Qc5 $2 (30. Rh8+ Bxh8 31. Rxh8+ Kxf7 32. Rh7+ Kg8 33. Rxd7) 30... Rdxf7 {[#]} 31. Rxf7 $2 $40 {[%mdl 128] White attacks with force.} (31. R7h6 $1 $18 {[%cal Rh6g6] is the precise move to win.} Rd8 32. Qb6 Bb3+ 33. Kc1) 31... Rxf7 $16 32. f5 Bb3+ {[#]} 33. Kc1 (33. Kb1 $1 $16 gxf5 34. gxf5) 33... Qd7 $2 (33... gxf5 $14 34. gxf5 Qe5) 34. fxg6 $18 Re7 35. g5 ({Only move:} 35. Bc6 $18 Qe6 36. Bh6) 35... Re5 $2 {[%mdl 8192]} (35... Be5 $16 36. Bf3 a4) 36. gxf6 $2 (36. Qa3 Bc2 37. Qa2+ Qe6 38. Qxe6+ Rxe6 39. Bd5) 36... Rxc5 37. Bxc5 {aiming for Bd4.} Qd3 {[%csl Gb3][%cal Rd3c2]} 38. f7+ Bxf7 39. gxf7+ Kxf7 40. Rf1+ Ke6 {White should prevent ...Qg3.} 41. Re1+ Kf7 42. Bd4 b4 43. Bf1 Qf3 44. Bc4+ Kg6 45. Kc2 bxc3 46. Bxc3 {Hoping for Bd3+.} a4 (46... Qf2+ $18 47. Kb3 Qb6+ 48. Ka2 Kg5 49. Re5+ Kg4 50. Rxa5 Qc6) 47. Bd3+ {White mates.} Kg5 48. Bd2+ Kh4 49. Re4+ {Precision: White = 56%, Black = 35%.} 1-0

[Event "Oslo Chess Festival 2017"]
[Site "Oslo"]
[Date "2017.10.05"]
[Round "5"]
[White "Urkedal, Frode"]
[Black "Bartholomew, John"]
[Result "0-1"]
[WhiteElo "2570"]
[BlackElo "2449"]
[Annotator "TA"]
[PlyCount "62"]
[EventType "swiss"]
[EventCountry "NOR"]
[SourceTitle "playchess.com"]
[Source "ChessBase"]
[SourceQuality "1"]

{[%evp 19,62,40,40,39,42,40,44,44,50,45,84,56,50,-98,-89,-97,-96,-94,-88,-97,-97,-84,-92,-128,-114,-107,-129,-136,-139,-223,-209,-187,-152,-339,-336,-290,-250,-384,-368,-472,-468,-618,-441,-441,-441]} 1. d4 d5 2. c4 c6 3. Nc3 Nf6 4. e3 Bf5 5. cxd5 cxd5 6. Qb3 Nc6 {D10: Slav Defence: 3 cxd5 (without early Nf3) and 3 Nc3} 7. Qxb7 Bd7 8. Qb3 Rb8 9. Qd1 e5 10. dxe5 Nxe5 {LiveBook: 40 Games} 11. Nge2 Bd6 {[%cal Bf8d6,Bd6e5,Be5c3][%mdl 32]} (11... Bc5 12. Nd4 O-O 13. Be2 Qe7 14. O-O {1-0 (48) Melkumyan,H (2640)-Solak,D (2633) Izmir 2016}) 12. Nf4 O-O 13. Be2 Bc6 14. O-O Nc4 $146 15. b3 ({Reject} 15. Nfxd5 $6 Nxd5 16. Bxc4 Nxc3 $11) 15... Be5 $1 {[%cal Re5c3]} 16. Qc2 (16. bxc4 $14 {keeps the upper hand.} Bxc3 17. Ba3 Bxa1 18. Bxf8 (18. Qxa1 Re8 $11)) 16... Qa5 $36 {[%mdl 2048] Black has strong initiative.} 17. bxc4 {aiming for Bd2.} Bxc3 18. Rb1 Ba4 $1 {[%cal Ra4c2]} 19. Rb3 Bxb3 20. axb3 {[#]} Qb4 $1 21. Nxd5 Nxd5 22. cxd5 Qxb3 23. Qe4 a5 {[%cal Ba7a5,Ba5a4,Ba4a3,Ba3a2][%mdl 32]} 24. Bd3 (24. Bd1 $17 Qb4 25. Qd3) 24... g6 $19 25. Bc2 Qb4 26. Qd3 $2 {[#]} (26. Qxb4 $17 {was called for.} Bxb4 27. Ba4) 26... Rfc8 $1 27. d6 Rd8 28. Rd1 (28. d7 {was necessary.}) 28... a4 29. e4 a3 {Black is clearly winning.} 30. Bg5 a2 {Threatens to win with ...Rxd6!} 31. Bxd8 Rxd8 {Precision: White = 46%, Black = 83%.} 0-1

[Event "Oslo Chess Festival 2017"]
[Site "Oslo"]
[Date "2017.10.04"]
[Round "5"]
[White "Chatalbashev, Boris"]
[Black "Ostenstad, Berge"]
[Result "1/2-1/2"]
[WhiteElo "2537"]
[BlackElo "2447"]
[Annotator "TA"]
[PlyCount "88"]
[EventType "swiss"]
[EventCountry "NOR"]
[SourceTitle "playchess.com"]
[Source "ChessBase"]
[SourceQuality "1"]

{[%evp 21,88,31,38,44,44,43,34,37,48,17,20,17,22,17,26,28,39,25,25,26,25,29,29,25,25,8,12,8,8,8,8,8,8,8,35,24,25,32,39,8,8,8,8,8,39,39,39,39,39,39,39,39,39,39,39,39,39,0,39,35,35,35,35,35,35,35,35,35,35]} 1. d4 Nf6 2. c4 g6 3. Nc3 d5 4. Bg5 Ne4 5. Bh4 c5 6. cxd5 Nxc3 7. bxc3 Qxd5 8. e3 cxd4 9. Qxd4 Qxd4 10. cxd4 e6 11. Nf3 {D80: Grünfeldindisch (4.Lg5)} (11. Rb1 Be7 12. Bxe7 Kxe7 13. Bd3 Nc6 14. Nf3 b6 15. Ke2 Bb7 16. Rhc1 Rhc8 17. g4 h6 18. h4 Na5 19. g5 hxg5 20. hxg5 Rxc1 21. Rxc1 {1-0 (38) Aronian,L (2752)-Svidler,P (2765) Morelia/Linares 2006}) 11... Be7 {LiveBook: 3 Partien} 12. Bxe7 Kxe7 13. h4 {[#]} h6 $146 ({Vorgänger:} 13... h5 14. Bd3 Nc6 15. Kd2 Bd7 16. Rab1 Rab8 17. e4 Rhc8 18. Rhc1 Nd8 {½-½ (81) Jobava,B (2614)-Macieja,B (2585) Kusadasi 2006}) 14. Bd3 Nc6 15. Ke2 b6 16. Rhc1 Bb7 17. Rc3 Rac8 {[#] ...Sxd4+! ist eine echte Drohung.} 18. Rac1 Na5 19. Rc7+ Kd6 $1 20. Rxc8 Rxc8 21. Rxc8 Bxc8 $11 {[%mdl 4096] Endspiel KLS-KLS} 22. Ne5 Ke7 23. f4 Bb7 24. g4 Nc6 25. g5 hxg5 26. hxg5 Nxe5 27. fxe5 {KL-KL} Bd5 28. a3 Bc6 29. Kd2 a5 30. Kc3 Kd8 31. Kc4 Kc7 32. e4 Bd7 33. d5 Kb7 34. Kd4 Ka7 35. Bc2 Kb7 36. Bb3 Kc7 37. Bd1 Kb7 38. Be2 Ka7 39. Bd1 Kb7 40. a4 {Weiß steht etwas besser.} Kc7 41. Bb3 Kb7 42. Kc3 Kc7 43. Kd3 Kb7 44. Kd4 Kc7 {Precision: Weiß = 64%, Schwarz = 78%.} 1/2-1/2

[Event "Oslo Chess Festival 2017"]
[Site "Oslo"]
[Date "2017.10.03"]
[Round "5"]
[White "Notkevich, Benjamin Arvola"]
[Black "Maze, Sebastien"]
[Result "1/2-1/2"]
[WhiteElo "2458"]
[BlackElo "2614"]
[Annotator "TA"]
[PlyCount "38"]
[EventType "swiss"]
[EventCountry "NOR"]
[SourceTitle "playchess.com"]
[Source "ChessBase"]
[SourceQuality "1"]

{[%evp 21,38,35,38,32,43,36,35,16,49,47,35,16,36,8,38,32,33,32,29]} 1. d4 Nf6 2. c4 g6 3. Nc3 Bg7 4. e4 d6 5. Nf3 O-O 6. Be2 Nbd7 7. O-O e5 8. Re1 h6 9. Bf1 Nh7 10. dxe5 {E95: King's Indian: Classical: 7...Nbd7 8 Re1} (10. g3 Ng5 11. Nxg5 exd4 12. Ne2 hxg5 13. Nxd4 Ne5 14. h3 Qf6 15. f4 gxf4 16. gxf4 Nxc4 17. Bxc4 Qxd4+ 18. Qxd4 Bxd4+ {0-1 (30) Formento,P (2326)-Movsesian,S (2677) Douglas 2016}) 10... dxe5 11. b3 {[%cal Bb2b3,Bb3b4,Bb4b5][%mdl 32]} Re8 {LiveBook: 3 Games} 12. Be3 Nhf8 $146 ({Predecessor:} 12... c6 13. c5 Ndf8 14. Qxd8 Rxd8 15. Red1 Rxd1 16. Rxd1 Bg4 17. h3 Bxf3 18. gxf3 {½-½ (57) Grycel,K (2263)-Krysztofiak,M (2385) Dzwirzyno 2004}) 13. Qc1 Kh7 14. Rd1 Ne6 15. c5 c6 16. b4 Qe7 17. Nd2 b6 (17... a5 $5 {[%cal Ra5b4]}) 18. cxb6 axb6 19. b5 Bb7 1/2-1/2

[Event "Oslo Chess Festival 2017"]
[Site "Oslo"]
[Date "2017.10.04"]
[Round "5"]
[White "Pigott, John C"]
[Black "Lillevold, Frode"]
[Result "1-0"]
[WhiteElo "2408"]
[BlackElo "2128"]
[Annotator "ChessBase"]
[PlyCount "41"]
[EventType "swiss"]
[EventCountry "NOR"]
[SourceTitle "playchess.com"]
[Source "ChessBase"]
[SourceQuality "1"]
[TimeControl "5400+30"]

1. e4 {[%emt 0:00:08]} e5 {[%emt 0:00:05]} 2. Nf3 {[%emt 0:00:11]} Nc6 {[%emt 0:00:02]} 3. Bc4 {[%emt 0:00:12]} Nf6 {[%emt 0:00:09]} 4. d3 {[%emt 0:00:06]} Be7 {[%emt 0:00:09]} 5. O-O {[%emt 0:00:13]} O-O {[%emt 0:00:02]} 6. a4 {[%emt 0:00:52]} d6 {[%emt 0:00:33]} 7. a5 {[%emt 0:02:58]} a6 {[%emt 0:01:48]} 8. h3 {[%emt 0:03:48]} Kh8 {[%emt 0:02:57]} 9. Nc3 {[%emt 0:06:01]} Ng8 {[%emt 0:02:58]} 10. Nd5 {[%emt 0:05:05]} f5 {[%emt 0:01:36]} 11. Re1 {[%emt 0:06:22]} Nf6 {[%emt 0:05:33]} 12. Ng5 {[%emt 0:04:08]} fxe4 {[%emt 0:59:17]} 13. dxe4 {[%emt 0:38:09]} Ng8 {[%emt 0:09:53]} 14. Qh5 {[%emt 0:00:21]} Bxg5 {[%emt 0:00:17]} 15. Bxg5 {[%emt 0:00:14]} Nf6 {[%emt 0:04:57]} 16. Nxf6 {[%emt 0:01:04]} gxf6 {[%emt 0:00:02]} 17. Bh6 {[%emt 0:00:20]} Re8 {[%emt 0:01:17]} 18. Qf7 {[%emt 0:11:55]} Rg8 {[%emt 0:01:03]} 19. Ra3 {[%emt 0:00:43]} Bd7 {[%emt 0:02:15]} 20. Rg3 {[%emt 0:00:15]} Rxg3 {[%emt 0:01:18]} 21. fxg3 {[%emt 0:00:05]} 1-0

[Event "Oslo Chess Festival 2017"]
[Site "Oslo"]
[Date "2017.10.04"]
[Round "5"]
[White "Vogt, Lothar"]
[Black "Zhao, Shengxin"]
[Result "1/2-1/2"]
[WhiteElo "2401"]
[BlackElo "2113"]
[Annotator "ChessBase"]
[PlyCount "108"]
[EventType "swiss"]
[EventCountry "NOR"]
[SourceTitle "playchess.com"]
[Source "ChessBase"]
[SourceQuality "1"]
[TimeControl "5400+30"]

1. e4 {[%emt 0:00:01]} c5 {[%emt 0:00:12]} 2. Nf3 {[%emt 0:00:02]} d6 {[%emt 0:00:08]} 3. d4 {[%emt 0:00:10]} cxd4 {[%emt 0:00:15]} 4. Nxd4 {[%emt 0:00:04]} Nf6 {[%emt 0:00:07]} 5. Nc3 {[%emt 0:00:04]} a6 {[%emt 0:00:07]} 6. Be2 {[%emt 0:00:28]} e5 {[%emt 0:00:08]} 7. Nb3 {[%emt 0:00:02]} Be7 {[%emt 0:00:31]} 8. O-O {[%emt 0:00:10]} O-O {[%emt 0:00:34]} 9. Kh1 {[%emt 0:00:05]} b6 {[%emt 0:01:48]} 10. Be3 {[%emt 0:04:54]} Nbd7 {[%emt 0:07:46]} 11. a4 {[%emt 0:06:32]} Bb7 {[%emt 0:02:30]} 12. f3 {[%emt 0:00:08]} Rc8 {[%emt 0:03:56]} 13. Bd3 {[%emt 0:07:50]} Nc5 {[%emt 0:16:30]} 14. Nxc5 {[%emt 0:00:25]} bxc5 {[%emt 0:01:03]} 15. Bc4 {[%emt 0:01:54]} Nd7 {[%emt 0:05:18]} 16. Qd3 {[%emt 0:17:08]} Nb8 {[%emt 0:10:18]} 17. Nd5 {[%emt 0:01:36]} Bxd5 {[%emt 0:03:09]} 18. Qxd5 {[%emt 0:00:25]} Qb6 {[%emt 0:08:35]} 19. Rfb1 {[%emt 0:06:21]} Qc6 {[%emt 0:08:26]} 20. Qd3 {[%emt 0:04:28]} a5 {[%emt 0:03:48]} 21. c3 {[%emt 0:09:05]} Qc7 {[%emt 0:04:11]} 22. Ra3 {[%emt 0:02:08]} Nc6 {[%emt 0:01:53]} 23. Rb3 {[%emt 0:00:52]} Rb8 {[%emt 0:00:12]} 24. Rb5 {[%emt 0:00:15]} Na7 {[%emt 0:01:05]} 25. Rxb8 {[%emt 0:00:26]} Rxb8 {[%emt 0:00:04]} 26. Qd5 {[%emt 0:00:21]} Bf6 {[%emt 0:04:18]} 27. h3 {[%emt 0:10:32]} Nc8 {[%emt 0:01:35]} 28. Bb5 {[%emt 0:02:33]} Na7 {[%emt 0:00:31]} 29. Bf1 {[%emt 0:02:46]} Qc6 {[%emt 0:03:36]} 30. Qc4 {[%emt 0:01:23]} Nc8 {[%emt 0:01:15]} 31. b3 {[%emt 0:00:47]} Nb6 {[%emt 0:02:14]} 32. Qa6 {[%emt 0:00:36]} Qa8 {[%emt 0:02:41]} 33. Qd3 {[%emt 0:02:35]} Qc6 {[%emt 0:01:47]} 34. Qd1 {[%emt 0:04:24]} d5 {[%emt 0:04:28]} 35. Bb5 {[%emt 0:01:49]} Qd6 {[%emt 0:00:04]} 36. exd5 {[%emt 0:00:51]} Qxd5 {[%emt 0:00:19]} 37. c4 {[%emt 0:04:04]} Qxd1+ 38. Rxd1 {[%emt 0:00:02]} Be7 {[%emt 0:00:04]} 39. f4 {[%emt 0:00:16]} f6 {[%emt 0:01:01]} 40. g4 {[%emt 0:01:50]} Kf7 {[%emt 0:00:27]} 41. Kg2 {[%emt 0:00:07]} g6 {[%emt 0:00:34]} 42. f5 {[%emt 0:00:15]} Rb7 {[%emt 0:00:36]} 43. Kf3 {[%emt 0:00:38]} Ra7 {[%emt 0:00:51]} 44. Ke4 {[%emt 0:00:24]} Rc7 {[%emt 0:00:15]} 45. h4 {[%emt 0:01:11]} Nc8 {[%emt 0:00:39]} 46. fxg6+ {[%emt 0:03:34]} hxg6 {[%emt 0:00:03]} 47. Rd2 {[%emt 0:02:44]} Ke6 {[%emt 0:00:57]} 48. h5 {[%emt 0:00:52]} Nd6+ {[%emt 0:00:53]} 49. Kf3 {[%emt 0:00:02]} gxh5 {[%emt 0:00:10]} 50. gxh5 {[%emt 0:00:04]} Nf5 {[%emt 0:00:20]} 51. h6 {[%emt 0:01:09]} Bf8 {[%emt 0:00:13]} 52. Rh2 {[%emt 0:02:05]} Rh7 {[%emt 0:01:20]} 53. Bd2 Bxh6 54. Be3 Bf8 {[%emt 0:01:15]} 1/2-1/2

[Event "Oslo Chess Festival 2017"]
[Site "Oslo"]
[Date "2017.10.02"]
[Round "5"]
[White "Haug, Johannes"]
[Black "Ingebretsen, Jens E"]
[Result "1-0"]
[WhiteElo "2379"]
[BlackElo "2062"]
[Annotator "NA"]
[PlyCount "83"]
[EventType "swiss"]
[EventCountry "NOR"]
[SourceTitle "playchess.com"]
[Source "ChessBase"]
[SourceQuality "1"]
[TimeControl "5400+30"]

1. e4 {[%emt 0:00:00]} c5 {[%emt 0:00:04]} 2. Nf3 {[%emt 0:00:09]} e6 {[%emt 0:00:05]} 3. d4 {[%emt 0:00:06]} cxd4 {[%emt 0:00:07]} 4. Nxd4 {[%emt 0:00:07]} Nc6 {[%emt 0:00:05]} 5. Nc3 {[%emt 0:00:19]} Qc7 {[%emt 0:00:05]} 6. Qd3 {[%emt 0:00:28] B47: Sizilianisch (Paulsen/Taimanow-Variante)} (6. Be3 a6 7. a3 Nf6 8. f4 d6 9. Qf3 Nxd4 10. Bxd4 b5 11. Bd3 Bb7 12. Bxf6 gxf6 13. f5 Be7 14. O-O Qc5+ 15. Kh1 h5 16. fxe6 fxe6 17. a4 {1-0 (32) Grischuk,A (2783)-Cori Tello,J (2641) Tbilisi 2017}) 6... Nxd4 {[%emt 0:01:48]} 7. Qxd4 {[%emt 0:00:13]} a6 {[%emt 0:06:30]} 8. Be3 {[%emt 0:01:50]} Ne7 {[%emt 0:00:34]} 9. Be2 {[%emt 0:11:20]} Nc6 {[%emt 0:02:01]} 10. Qd2 {[%emt 0:00:37]} b5 {[%emt 0:01:59]} 11. O-O {[%emt 0:00:30]} Be7 {[%emt 0:01:55]} 12. Rfd1 $146 {[%emt 0:08:56]} ({Vorgänger:} 12. a4 b4 13. Na2 a5 14. f4 O-O {½-½ (33) Jossien,A (2340)-Richmond,P (2254) West Bromwich 2003}) 12... O-O {[%emt 0:01:48]} 13. a4 {[%emt 0:09:16]} b4 {[%emt 0:05:10]} 14. Nd5 {[%emt 0:03:30]} exd5 {[%emt 0:01:59]} 15. exd5 {[%emt 0:00:21]} Qa5 {[%emt 0:01:09]} 16. dxc6 {[%emt 0:00:51]} dxc6 {[%emt 0:00:14]} 17. Bf3 {[%emt 0:02:49]} Bf5 {[%emt 0:04:10]} 18. Bd4 {[%emt 0:03:38]} Rad8 {[%emt 0:07:31]} 19. Qe3 $14 {[%emt 0:14:33]} Rxd4 {[%emt 0:28:43]} 20. Rxd4 {[%emt 0:13:22]} Bc5 {[%emt 0:04:57]} 21. Qe5 {[%emt 0:00:54]} Bg6 {[%emt 0:04:32]} 22. Rad1 {[%emt 0:12:59]} f6 {[%emt 0:04:58]} 23. Qe6+ {[%emt 0:00:38]} Bf7 {[%emt 0:00:07]} 24. Qxc6 {[%emt 0:01:47]} Bxd4 {[%emt 0:00:16]} 25. Rxd4 {[%emt 0:00:14]} Qe5 {[%emt 0:02:02]} 26. Qe4 {[%emt 0:02:56]} Qa5 {[%emt 0:03:44]} 27. g3 {[%emt 0:02:54]} b3 {[%emt 0:03:15]} 28. cxb3 {[%emt 0:01:52]} Bxb3 {[%emt 0:00:58]} 29. Qe7 {[%emt 0:01:08]} Bf7 {[%emt 0:04:38]} 30. Rd7 {[%emt 0:00:38]} Qe5 {[%emt 0:02:47]} 31. Qxe5 fxe5 {[%emt 0:00:01]} 32. Be2 {[%emt 0:00:35]} Be8 {[%emt 0:02:16]} 33. Bc4+ {[%emt 0:00:26]} Kh8 {[%emt 0:01:12]} 34. Rd8 {[%emt 0:00:12]} g6 {[%emt 0:00:04]} 35. Bxa6 {[%emt 0:00:11]} Kg7 {[%emt 0:00:04]} 36. Bb5 {[%emt 0:00:46]} Bxb5 {[%emt 0:00:09]} 37. Rxf8 {[%emt 0:00:08]} Kxf8 {[%emt 0:00:08]} 38. axb5 {[%emt 0:00:05]} Ke7 {[%emt 0:00:06]} 39. Kf1 {[%emt 0:00:29]} Kd6 {[%emt 0:00:04]} 40. Ke2 {[%emt 0:00:05]} Kd5 {[%emt 0:00:14]} 41. Ke3 {[%emt 0:00:14]} g5 {[%emt 0:00:17]} 42. b6 {[%emt 0:00:10]} 1-0

[Event "Oslo Chess Festival 2017"]
[Site "Oslo"]
[Date "2017.10.04"]
[Round "5"]
[White "Devereaux, Maxim L"]
[Black "Wetle Hoem, Tor"]
[Result "1-0"]
[WhiteElo "2357"]
[BlackElo "1965"]
[Annotator "ChessBase"]
[PlyCount "51"]
[EventType "swiss"]
[EventCountry "NOR"]
[SourceTitle "playchess.com"]
[Source "ChessBase"]
[SourceQuality "1"]
[TimeControl "5400+30"]

1. e4 {[%emt 0:00:03]} c5 {[%emt 0:00:38]} 2. Nc3 {[%emt 0:00:16]} Nc6 {[%emt 0:02:06]} 3. Bb5 {[%emt 0:00:13]} g6 {[%emt 0:04:17]} 4. Bxc6 {[%emt 0:00:48]} bxc6 {[%emt 0:01:57]} 5. d3 {[%emt 0:01:27]} Bg7 {[%emt 0:00:45]} 6. Nge2 {[%emt 0:01:33]} e5 {[%emt 0:02:52]} 7. O-O {[%emt 0:04:03]} Ne7 {[%emt 0:00:52]} 8. f4 {[%emt 0:04:49]} exf4 {[%emt 0:05:38]} 9. Bxf4 {[%emt 0:00:42]} d6 {[%emt 0:00:29]} 10. Qe1 {[%emt 0:01:58]} Be6 {[%emt 0:07:58]} 11. Qg3 {[%emt 0:05:28]} Nc8 {[%emt 0:02:12]} 12. e5 {[%emt 0:07:55]} d5 {[%emt 0:01:50]} 13. Qf2 {[%emt 0:00:48]} Qe7 {[%emt 0:07:11]} 14. Na4 {[%emt 0:02:16]} Bg4 {[%emt 0:09:21]} 15. Nec3 {[%emt 0:02:53]} Bf8 {[%emt 0:07:55]} 16. Rae1 {[%emt 0:07:33]} Nb6 {[%emt 0:04:09]} 17. e6 {[%emt 0:00:41]} f5 {[%emt 0:06:40]} 18. Be5 {[%emt 0:04:38]} Rg8 {[%emt 0:01:39]} 19. h3 {[%emt 0:00:24]} Bh5 {[%emt 0:00:53]} 20. g4 {[%emt 0:01:22]} d4 {[%emt 0:00:22]} 21. Nxb6 {[%emt 0:00:16]} axb6 {[%emt 0:00:16]} 22. Ne4 {[%emt 0:00:10]} Bg7 {[%emt 0:07:08]} 23. Bd6 {[%emt 0:01:14]} Qd8 {[%emt 0:03:48]} 24. e7 {[%emt 0:00:39]} Qd7 {[%emt 0:01:08]} 25. Bg3 {[%emt 0:00:18]} fxe4 {[%emt 0:03:23]} 26. Qf7# {[%emt 0:00:07]} 1-0

[Event "Oslo Chess Festival 2017"]
[Site "Oslo"]
[Date "2017.10.04"]
[Round "5"]
[White "Chu, Wei Chao"]
[Black "Stany, G A"]
[Result "1-0"]
[WhiteElo "2340"]
[BlackElo "2491"]
[Annotator "TA"]
[PlyCount "20"]
[EventType "swiss"]
[EventCountry "NOR"]
[SourceTitle "playchess.com"]
[Source "ChessBase"]
[SourceQuality "1"]

{[%evp 9,20,5,31,26,62,57,86,97,112,75,74,85,103]} 1. d4 Nf6 2. c4 g6 3. Nc3 d5 4. Nf3 Bg7 5. h4 (5. Qb3 dxc4 6. Qxc4 O-O 7. e4 Nc6 8. Be2 e5 9. d5 Nd4 10. Nxd4 exd4 11. Qxd4 c6 12. Qc4 b5 13. Qxc6 Bd7 14. Qd6 Re8 15. Bg5 b4 16. Qxb4 Nxd5 17. Nxd5 Qxg5 {½-½ (59) Aronian,L (2799)-Vachier Lagrave,M (2804) Tbilisi 2017}) 5... c5 6. dxc5 {[%cal Rc4d5] D90: Grünfeld: 4 Nf3 Bg7 sidelines} Qa5 7. cxd5 Ne4 {[#]} 8. Bd2 $1 {White is better.} Nxc3 9. bxc3 $146 ({Predecessor:} 9. Bxc3 Bxc3+ 10. bxc3 Qxc3+ 11. Nd2 Bd7 12. Rc1 Qa3 {1-0 (28) Ward,C (2432)-Yeo,M (2170) Torquay 2013}) 9... Nd7 10. Nd4 Nf6 1-0